000 00500nam a2200181Ia 4500
001 8472
005 20260306160612.0
008 260306t2014||||xx |||||||||||||| ||spa||
041 _aESP
082 _a371.1
_bE76
100 _aEscalera Castillo, Ignacio
_eAUT
245 0 _aLas instituciones educativas y su cultura:
_bprácticas y creencias construidas a través del tiempo
260 _c2014
300 _a121 páginas :
_c21 cm.
650 _aGEN
654 _aCED
942 _cLIB
_dJUS
_fJUS
_2ddc
_n
999 _c8472
_d8472